000
00281nam a22001337a 4500
020
_a
1-9043-511-0
082
_a
823
_b
JEA/S
100
_a
JEAN
100
_a
ADAMSON, GARETH
245
_a
START SCHOOL
_b
TOPSY+TIM
260
_a
UK
650
_a
ENGLISH SHORT STORY
_z
UK
942
_c
BK
999
_c
4087
_d
4087